Piłkarska kariera Luisa Suareza. - Statystyki

Ogólne statystyki
  • Ten quiz został rozwiązany 201 razy
  • Średni wynik to 4 z 6
Statystyki odpowiedzi
Lata Drużyna % Poprawnych
2014-2020 Barcelona
98%
2011-2014 Liverpool
90%
2020-teraz Atletico Madryt
86%
2007-2011 Ajax Amsterdam
79%
2006-2007 Groningen
32%
2005-2006 Nacional
18%
Nie znaleziono quizów pasujących do podanych kryteriów
Rozkład punktacji
Procent ludzi z każdym wynikiem
Percentyl według liczby udzielonych odpowiedzi
Twoja historia wyników
Nie rozwiązałeś tego quizu